Central Library OPAC University of Rajshahi

Kinship and casework / (Record no. 35262)

MARC details
000 -LEADER
fixed length control field 01031nam a22003011 4500
001 - CONTROL NUMBER
control field 35262
003 - CONTROL NUMBER IDENTIFIER
rucl marc code BD-RjUL
005 - DATE AND TIME OF LATEST TRANSACTION
control field 20211209052304.0
008 - FIXED-LENGTH DATA ELEMENTS--GENERAL INFORMATION
fixed length control field 140522s1967 nyua b 001 0 eng d
035 ## - SYSTEM CONTROL NUMBER
System control number (BD-RjUL)35356
040 ## - CATALOGING SOURCE
Original cataloging agency DLC
Transcribing agency DLC
Modifying agency DLC
-- BD-RjUL
Language of cataloging eng
041 ## - LANGUAGE CODE
Language code of text/sound track or separate title eng
082 00 - DEWEY DECIMAL CLASSIFICATION NUMBER
Classification number 362.82
Author mark and year LEK 1967
100 1# - MAIN ENTRY--PERSONAL NAME
Personal name Leichter, Hope Jensen.
9 (RLIN) 107429
245 10 - TITLE STATEMENT
Title Kinship and casework /
Statement of responsibility, etc. by Hope Jensen Leichter and William E. Mitchell. With the collaboration of Candec Rogers and Judith Lieb.
260 ## - PUBLICATION, DISTRIBUTION, ETC. (IMPRINT)
Place of publication, distribution, etc. New York :
Name of publisher, distributor, etc. Russell Sage Foundation,
Date of publication, distribution, etc. 1967.
300 ## - PHYSICAL DESCRIPTION
Pagination xxi, 343 p. :
Illustrations ill. ;
Size 23 cm.
504 ## - BIBLIOGRAPHY, ETC. NOTE
Bibliography, etc Includes bibliographical references and index.
650 #0 - SUBJECT ADDED ENTRY--TOPICAL TERM
Topical term or geographic name as entry element Family social work.
9 (RLIN) 107430
Topical term or geographic name as entry element Kinship.
9 (RLIN) 107431
Topical term or geographic name as entry element Jewish families.
9 (RLIN) 42306
700 1# - ADDED ENTRY--PERSONAL NAME
Personal name Mitchell, William E.,
Relator term joint author.
710 2# - ADDED ENTRY--CORPORATE NAME
Corporate name or jurisdiction name as entry element Russell Sage Foundation.
9 (RLIN) 107433
Corporate name or jurisdiction name as entry element Jewish Family Service (New York, N.Y.)
9 (RLIN) 90530
942 ## - ADDED ENTRY ELEMENTS (KOHA)
Source of classification or shelving scheme Dewey Decimal Classification
Koha item type Books
Holdings
Lost status Source of classification or shelving scheme Damaged status Not for loan Collection code Permanent Location Current Location Shelving location Date acquired Source of acquisition Total Checkouts Full call number Date last seen Copy number Koha item type
  Dewey Decimal Classification   Not For Loan Non-fiction Central Library, University of Rajshahi Central Library, University of Rajshahi Reading Room 11/04/1991 Canada Govt., Gift.   362.82 LEK 1967 22/05/2014 C-1 Books
  Dewey Decimal Classification     Non-fiction Central Library, University of Rajshahi Central Library, University of Rajshahi   28/05/1991 Canada Govt., Gift.   362.82 LEK 1967 10/12/2016 C-2 Books